Nuclear non-proliferation in India and Pakistan : (Record no. 67381)
[ view plain ]
| 000 -LEADER | |
|---|---|
| fixed length control field | 01123nam a2200313 a 4500 |
| 001 - CONTROL NUMBER | |
| control field | 67381 |
| 003 - CONTROL NUMBER IDENTIFIER | |
| rucl marc code | BD-RjUL |
| 005 - DATE AND TIME OF LATEST TRANSACTION | |
| control field | 20211209081638.0 |
| 008 - FIXED-LENGTH DATA ELEMENTS--GENERAL INFORMATION | |
| fixed length control field | 170325s1996 ii b 001 0 eng |
| 020 ## - INTERNATIONAL STANDARD BOOK NUMBER | |
| International Standard Book Number | 8173041539 |
| 035 ## - SYSTEM CONTROL NUMBER | |
| System control number | (BD-RjUL)67512 |
| 040 ## - CATALOGING SOURCE | |
| Original cataloging agency | DLC |
| Transcribing agency | DLC |
| Modifying agency | DLC |
| -- | BD-RjUL |
| Language of cataloging | eng |
| 041 ## - LANGUAGE CODE | |
| Language code of text/sound track or separate title | eng |
| 082 00 - DEWEY DECIMAL CLASSIFICATION NUMBER | |
| Edition number | 23 |
| Classification number | 327.17470954 |
| Author mark and year | NUC 1996 |
| 245 00 - TITLE STATEMENT | |
| Title | Nuclear non-proliferation in India and Pakistan : |
| Remainder of title | South Asian perspectives / |
| Statement of responsibility, etc. | edited by P.R. Chari, Pervaiz Iqbal Cheema and Iftekharuzzaman. |
| 260 ## - PUBLICATION, DISTRIBUTION, ETC. (IMPRINT) | |
| Place of publication, distribution, etc. | New Delhi : |
| Name of publisher, distributor, etc. | Manohar, |
| Date of publication, distribution, etc. | c1996. |
| 300 ## - PHYSICAL DESCRIPTION | |
| Pagination | 236 p. ; |
| Size | 23 cm. |
| 500 ## - GENERAL NOTE | |
| General note | "Regional Centre for Strategic Studies, Colombo." |
| 504 ## - BIBLIOGRAPHY, ETC. NOTE | |
| Bibliography, etc | Includes bibliographical references (p. [211]-224) and index. |
| 520 ## - SUMMARY, ETC. | |
| Summary, etc. | Collection of essays. |
| 650 #0 - SUBJECT ADDED ENTRY--TOPICAL TERM | |
| Topical term or geographic name as entry element | Nuclear weapons |
| Geographic subdivision | India. |
| 9 (RLIN) | 136193 |
| Topical term or geographic name as entry element | Nuclear weapons |
| Geographic subdivision | Pakistan. |
| 9 (RLIN) | 199634 |
| Topical term or geographic name as entry element | Nuclear arms control |
| Geographic subdivision | South Asia. |
| 9 (RLIN) | 199635 |
| Topical term or geographic name as entry element | Nuclear nonproliferation. |
| 9 (RLIN) | 199636 |
| 700 1# - ADDED ENTRY--PERSONAL NAME | |
| Personal name | Chari, P. R. |
| Personal name | Cheema, Pervaiz Iqbal, |
| Dates associated with a name | 1940- |
| Personal name | Iftekharuzzaman. |
| 942 ## - ADDED ENTRY ELEMENTS (KOHA) | |
| Source of classification or shelving scheme | Dewey Decimal Classification |
| Koha item type | Books |
| Lost status | Source of classification or shelving scheme | Damaged status | Not for loan | Collection code | Permanent Location | Current Location | Shelving location | Date acquired | Total Checkouts | Full call number | Date last seen | Copy number | Koha item type |
|---|---|---|---|---|---|---|---|---|---|---|---|---|---|
| Dewey Decimal Classification | Not For Loan | Non-fiction | Central Library, University of Rajshahi | Central Library, University of Rajshahi | Reading Room | 17/10/1996 | 327.17470954 NUC 1996 | 25/03/2017 | C-1 | Books |